Delitos informáticos: investigación criminal, marco legal y peritaje (Registro nro. 12701)

Detalles MARC
000 -Cabecera
Campo de control de longitud fija 01097nam a22003737a 4500
005 - Fecha y hora de la última transacción
Campo de control 20260319111900.0
008 - Elementos de longitud fija--Información general
Campo de control de longitud fija 200902b2019 xxu||||| |||| 00| 0 spa d
020 ## - International Standard Book Number
Número Internacional Estándar del Libro (ISBN) 9789974745278
041 ## - Idioma
Código de idioma Español
082 ## - Clasificación Decimal Dewey
Número de clasificación 364.168 SA132d
100 ## - Entrada principal--Autor personal
Nombre personal Sain, Gustavo
9 (RLIN) 58250
100 ## - Entrada principal--Autor personal
Nombre personal Azzolin, Horacio
9 (RLIN) 58251
245 ## - Título propiamente dicho
Título Delitos informáticos: investigación criminal, marco legal y peritaje
260 ## - Pie de imprenta
Lugar de publicación, distribución, etc. Argentina
260 ## - Pie de imprenta
Nombre del editor, distribuidor, etc. Editorial B de F
260 ## - Pie de imprenta
Fecha de publicación, distribución, etc. 2019
300 ## - Descripción física
Extensión 202 páginas
490 ## - Serie
Título de la Serie Investigación Criminal
650 ## - Materia general
Temática (materia general) INVESTIGACIÓN CRIMINAL
650 ## - Materia general
Temática (materia general) DELITOS INFORMÁTICOS
650 ## - Materia general
Temática (materia general) DISPOSITIVO INFORMÁTICO
650 ## - Materia general
Temática (materia general) EVIDENCIA DIGITAL
650 ## - Materia general
Temática (materia general) INFORMÁTICA FORENSE
650 ## - Materia general
Temática (materia general) ESCENA DEL CRIMEN
650 ## - Materia general
Temática (materia general) MANIPULACIÓN DEL HARDWARE
650 ## - Materia general
Temática (materia general) MARCO LEGAL
650 ## - Materia general
Temática (materia general) DELITO GROOMING
650 ## - Materia general
Temática (materia general) DERECHO Y NUEVAS TECNOLOGÍAS
650 ## - Materia general
Temática (materia general) RESPONSABILIDAD LEGAL DE LAS EMPRESAS
650 ## - Materia general
Temática (materia general) PROTECCIÓN DE DATOS PERSONALES
650 ## - Materia general
Temática (materia general) CIBERDELITO DE BUDAPEST
650 ## - Materia general
Temática (materia general) ARGENTINA
942 ## - Punto de acceso adicional KOHA
Tipo de ítem KOHA Libro
Fuente del sistema de clasificación o colocación Dewey Decimal Classification
Existencias
Signatura completa Código de barras Programa Académico Tipo de ítem
364.168 SA132d 25049 Investigación Criminal Libro